Blasons des flottilles de la Marine Nationale (EOPAN) - Tuiles - Statistiques

Statistiques générales
  • Ce quiz a été pris 272 fois
  • Le résultat moyen est 167 sur 256
Statistiques - réponses
Question Tuile Select % Correct
35F Non
96%
35F Non
95%
35F Non
93%
35F Non
93%
35F Non
93%
35F Non
93%
35F Non
92%
35F Non
92%
35F Non
92%
35F Non
91%
35F Non
91%
35F Non
91%
35F Non
90%
35F Non
86%
35F Non
85%
22S Non
79%
22S Non
79%
22S Non
78%
22S Non
78%
22S Non
77%
22S Non
77%
22S Non
77%
22S Non
76%
22S Non
76%
22S Non
76%
22S Non
76%
22S Non
76%
23F Non
76%
22S Non
75%
22S Non
75%
23F Non
75%
23F Non
75%
23F Non
75%
23F Non
75%
23F Non
75%
22S Non
74%
23F Non
74%
23F Non
74%
23F Non
74%
23F Non
73%
23F Non
72%
23F Non
72%
23F Non
72%
28F Non
70%
28F Non
70%
28F Non
70%
28F Non
70%
21F Non
70%
21F Non
70%
21F Non
70%
21F Non
70%
21F Non
70%
21F Non
70%
21F Non
70%
23F Non
69%
28F Non
69%
28F Non
69%
28F Non
69%
28F Non
69%
21F Non
69%
21F Non
69%
21F Non
69%
21F Non
69%
11F Non
69%
11F Non
69%
11F Non
69%
11F Non
69%
11F Non
69%
11F Non
69%
11F Non
69%
11F Non
69%
11F Non
69%
28F Non
68%
28F Non
68%
21F Non
68%
11F Non
68%
11F Non
68%
28F Non
67%
28F Non
67%
28F Non
67%
21F Non
67%
36F Non
67%
36F Non
67%
36F Non
67%
36F Non
67%
36F Non
67%
36F Non
67%
36F Non
67%
36F Non
67%
11F Non
67%
11F Non
67%
23F Non
66%
28F Non
66%
36F Non
66%
36F Non
66%
24F Non
66%
11F Non
66%
12F Non
66%
12F Non
66%
12F Non
66%
12F Non
66%
12F Non
66%
12F Non
66%
12F Non
66%
12F Non
66%
12F Non
66%
12F Non
66%
21F Non
65%
31F Non
65%
36F Non
65%
24F Non
65%
24F Non
65%
24F Non
65%
24F Non
65%
11F Non
65%
12F Non
65%
12F Non
65%
17F Non
65%
17F Non
65%
17F Non
65%
17F Non
65%
17F Non
65%
17F Non
65%
17F Non
65%
28F Non
64%
31F Non
64%
31F Non
64%
31F Non
64%
31F Non
64%
31F Non
64%
31F Non
64%
31F Non
64%
31F Non
64%
36F Non
64%
36F Non
64%
36F Non
64%
24F Non
64%
24F Non
64%
24F Non
64%
24F Non
64%
24F Non
64%
33F Non
64%
33F Non
64%
33F Non
64%
33F Non
64%
33F Non
64%
33F Non
64%
33F Non
64%
12F Non
64%
12F Non
64%
12F Non
64%
17F Non
64%
17F Non
64%
17F Non
64%
17F Non
64%
17F Non
64%
21F Non
63%
31F Non
63%
24F Non
63%
33F Non
63%
17F Non
63%
17F Non
63%
31F Non
62%
31F Non
62%
31F Non
62%
36F Non
62%
24F Non
62%
24F Non
62%
33F Non
62%
33F Non
62%
33F Non
62%
57S Non
62%
57S Non
62%
17F Non
62%
31F Non
61%
31F Non
61%
24F Non
61%
33F Non
61%
33F Non
61%
57S Non
61%
57S Non
61%
57S Non
61%
57S Non
61%
57S Non
61%
4F Non
61%
4F Non
61%
4F Non
61%
4F Non
61%
4F Non
61%
4F Non
61%
4F Non
61%
4F Non
61%
4F Non
61%
4F Non
61%
4F Non
61%
33F Non
60%
33F Non
60%
57S Non
60%
57S Non
60%
57S Non
60%
57S Non
60%
57S Non
60%
4F Non
60%
4F Non
60%
4F Non
60%
24F Non
59%
11F Oui
59%
12F Oui
59%
57S Non
59%
57S Non
59%
50S Non
59%
50S Non
59%
50S Non
59%
50S Non
59%
50S Non
59%
50S Non
59%
50S Non
59%
50S Non
59%
50S Non
59%
50S Non
59%
50S Non
59%
25F Non
59%
25F Non
59%
25F Non
59%
25F Non
59%
25F Non
59%
25F Non
59%
50S Non
58%
50S Non
58%
50S Non
58%
50S Non
58%
25F Non
58%
25F Non
58%
25F Non
58%
25F Non
58%
4F Non
58%
25F Non
57%
57S Non
56%
25F Non
56%
25F Non
56%
25F Non
56%
17F Oui
53%
25F Non
53%
4F Oui
50%
50S Oui
49%
22S Oui
47%
28F Oui
47%
21F Oui
46%
36F Oui
44%
35F Oui
40%
23F Oui
39%
31F Oui
39%
33F Oui
39%
24F Oui
36%
57S Oui
35%
25F Oui
34%
Aucun quiz correspondant
Distribution des résultats
% des personnes avec chaque résultat
Percentile par nombre de réponses
Votre historique - résultats
Vous n’avez pas pris ce quiz